000 00283nam a22001337a 4500
008 181012b xxu||||| |||| 00| 0 eng d
020 _a9780076656103
041 _aeng
080 _211th
_a540
100 _a12
101 _aKIM
245 _aChemistry
_cChang,R
942 _2udc
_cBK
999 _c49495
_d49495